Fairy Tail - Membres de la guilde Crime Sorcière - Statistiques

Statistiques générales
  • Ce quiz a été pris 50 fois
  • Le résultat moyen est 6 sur 8
Statistiques - réponses
Par images Réponse % Correct
Jellal
98%
Ultia
98%
Meldy
85%
Erick
83%
Sorano
83%
Richard
77%
MacBeth
51%
Sawyer
45%
Aucun quiz correspondant
Distribution des résultats
% des personnes avec chaque résultat
Percentile par nombre de réponses
Votre historique - résultats
Vous n’avez pas pris ce quiz